Guess the Horror Game by Villain - Statistics

General Stats
  • This quiz has been taken 221 times
  • The average score is 5 of 10
Answer Stats
Hint Answer % Correct
Bendy Bendy and the Ink Machine
87%
Pyramid Head Silent Hill
76%
Mr. X Resident Evil 2
67%
Nemesis Resident Evil 3
65%
Mother Miranda Resident Evil: Village
57%
Xenomorph Alien: Isolation
55%
Vanny FNAF: Security Breach
39%
The Lady Little Nightmares
22%
Icon of Sin Doom: Eternal
19%
The Dollmaker Alice: Madness Returns
7%
No matching quizzes found
Score Distribution
Percent of People with Each Score
Percentile by Number Answered
Your Score History
You have not taken this quiz